Statistics for Countries with the biggest population of Jews around Europe in 1933

Click here to take the quiz!

General Stats

  • This quiz has been taken 838 times
  • The average score is 9 of 10

Answer Stats

Population of JewsCountry% Correct
525,000Deutschland
99%
3,000,000Poland
98%
2,525,000Soviet Union (Russia)
98%
250,000France
97%
300,000United Kingdom
96%
445,000Hungary
89%
200,000Austria
88%
156,000Netherlands
86%
756,000Romania
85%
357,000Czechoslovakia
76%

Score Distribution

Percentile by Number Answered

Percent of People with Each Score

Your Score History

You have not taken this quiz